000 00682cam a2200193 4500
001 ABS60997
008 000000n1999 000 0 eng u
035 _a(Sirsi) u101551
245 _aMore room at the inn.
260 _c1999
490 _aProperty Week
_v64(30) 30 July 1999, 31-32(2)
520 _aSpecial feature on Eastern Europe. Gives a brief overview of the property markets in Estonia, Latvia and Lithuania. Profile of Paul Oberschneider, chairman of Oberhaus, one of the fastest growing property companies in the Baltics.
650 _aEASTERN EUROPE
650 _aESTONIA
650 _aLATVIA
650 _aLITHUANIA
690 _aOVERSEAS-EUROPE
942 _n0
999 _c60683
_d60683